Szybkie wpisywanie od 1 do 100 jednym palcem - Statystyki

Ogólne statystyki
  • Ten quiz został rozwiązany 1 510 razy
  • Średni wynik to 67 z 100
Statystyki odpowiedzi
# % Poprawnych
1
100%
2
99%
3
99%
4
99%
5
99%
6
98%
7
98%
8
98%
9
97%
10
94%
12
94%
11
93%
13
92%
14
91%
15
91%
16
90%
21
90%
22
90%
23
90%
17
89%
18
89%
19
89%
24
88%
20
87%
25
87%
26
86%
28
86%
27
85%
29
85%
33
85%
30
84%
32
84%
34
84%
31
83%
35
81%
36
80%
37
80%
38
80%
44
80%
39
79%
40
79%
43
79%
41
78%
42
78%
45
78%
46
76%
47
74%
48
73%
49
72%
50
72%
55
72%
54
71%
51
70%
52
69%
56
69%
53
68%
57
66%
58
64%
59
63%
60
62%
66
61%
61
59%
62
59%
65
59%
63
58%
64
57%
67
56%
68
53%
69
52%
70
52%
71
50%
72
50%
77
50%
73
49%
74
48%
75
47%
76
46%
78
45%
79
42%
80
41%
81
38%
88
38%
82
37%
83
37%
85
36%
84
35%
86
34%
99
34%
87
33%
89
33%
90
33%
91
31%
100
30%
92
30%
93
30%
94
30%
98
29%
95
28%
96
28%
97
27%
Nie znaleziono quizów pasujących do podanych kryteriów
Rozkład punktacji
Procent ludzi z każdym wynikiem
Percentyl według liczby udzielonych odpowiedzi
Twoja historia wyników
Nie rozwiązałeś tego quizu